| LEADER 00000nam 2200000uu 4500 |
| 001 13399118838 |
| 003 ULIBM |
| 008 170626s1999||||th 000 0 tha d |
| 020 ^a0521634776
|
| 082 0 ^aค428.2^bR318V
|
| 100 0 ^aRedman, Stuart.
|
| 245 00 ^aVocabulary in use intermediate self-study reference and practice for students of North American English /^cBy Stuart Redman.
|
| 250 ^a4 th ed.
|
| 260 ^aCambridge :^bCambridge University Press,^c1999.
|
| 300 ^a266 p. :^bill.^c25.5 cm.
|
| 650 0 ^aVocabulary^xProblems, exercises, etc.
|
| 650 0 ^aEnglish language^xTextbooks for foreign speakers.
|
| 700 0 ^aShaw, Ellen.
|
| 999 ^aจริญญา
|
หนังสือดีน่าอ่าน

“ดั่งดวงแก้ว ส่องสว่าง ทางสายงาม”
จัดทำขึ้นเพื่อเฉลิมพระเกียรติ สมเด็จพระเทพรัตนราชสุดา ฯ สยามบรมราชกุมารี
เนื่องในโอกาสมหามงคลเฉลิมพระชนมพรรษา ๕ รอบ ๒ เมษายน ๒๕๕๘
โดยหนังสือเล่มนี้ได้รวบรวม ๖๐ พระอัจฉริยภาพของสมเด็จพระเทพ ฯ
ผู้อ่านจะได้รับแรงบันดาลใจให้พากเพียรเรียนรู้และขยันอดทนทำการงาน
ตามรอยเบื้องพระยุคลบาท เพราะพระองค์ทรงเป็นแบบอย่างอันดีเยี่ยมในทุกด้าน
ทั้งในความใฝ่รู้ใฝ่เรียน คุณธรรมจริยธรรม พระวิริยอุตสาหะในการทรงงาน
และอื่นๆอีกมากมาย ล้วนสามารถสร้างแรงบันดาลใจให้แก่เด็กและเยาวชน
อีกทั้งประชาชนทั่วไป ให้พากเพียรเรียนรู้และขยันอดทนทำการงานตามรอยพระยุคลบาท
เพื่อฝึกฝนตนเองให้เป็นคนดีคนเก่งของครอบครัวและสังคมต่อไป